| 000 | 00485nam a2200169 a 4500 | ||
|---|---|---|---|
| 001 | 436 | ||
| 003 | CDMR | ||
| 005 | 20131213164802.0 | ||
| 008 | 130130s1987||||||||||||||||||||||||||||d | ||
| 020 | _a0416070825 | ||
| 040 |
_aCDMR _bcat _cCDMR |
||
| 245 | 0 | 0 |
_aChannels of discourse _b: television and contemporary criticism _cEdited by Robert C. Allen |
| 260 |
_aLondon _c1987 _bMethuen & Co |
||
| 650 | 0 | 4 |
_94528 _aCrÃtica televisiva |
| 700 | 1 |
_94019 _aAllen, Robert C. _eed. |
|
| 942 |
_cMON _2ddc |
||
| 999 |
_c436 _d436 |
||